Sports Quiz

Random Sports Quiz

1000+ Receiving YDs, 10 TDs (1995-2009) Quiz Stats

 Plays Quiz not verified by Sporcle

Score 0/89 Timer 10:00
0 Plays Today
% Correct
Randy Moss
99.7%
Randy Moss
99.7%
Randy Moss
99.7%
Randy Moss
99.7%
Santana Moss
99.7%
Randy Moss
99.7%
Randy Moss
99.7%
Randy Moss
99.7%
Randy Moss
99.7%
Larry Fitzgerald
99.2%
Larry Fitzgerald
99.2%
Larry Fitzgerald
99.2%
Larry Fitzgerald
99.2%
Calvin Johnson
98.7%
Reggie Wayne
98.6%
Reggie Wayne
98.6%
Reggie Wayne
98.6%
Keyshawn Johnson
98.5%
Marvin Harrison
98.5%
Marvin Harrison
98.5%
Marvin Harrison
98.5%
Marvin Harrison
98.5%
Marvin Harrison
98.5%
Marvin Harrison
98.5%
Marvin Harrison
98.5%
Terrell Owens
98.3%
Terrell Owens
98.3%
Terrell Owens
98.3%
Terrell Owens
98.3%
Terrell Owens
98.3%
% Correct
Terrell Owens
98.3%
Terrell Owens
98.3%
Terrell Owens
98.3%
Steve Smith
97.3%
Rod Smith
97.3%
Rod Smith
97.3%
Anquan Boldin
97%
Torry Holt
96.2%
Torry Holt
96.2%
Torry Holt
96.2%
Brandon Marshall
93.8%
Miles Austin
93.7%
Roddy White
92.9%
Dallas Clark
92.4%
Marques Colston
89%
Plaxico Burress
88.9%
Isaac Bruce
88.9%
Isaac Bruce
88.9%
Tony Gonzalez
87.8%
Hines Ward
87.8%
Hines Ward
87.8%
Chad Ochocinco
87.8%
Braylon Edwards
87.4%
Jerry Rice
84.7%
Cris Carter
81.2%
Cris Carter
81.2%
Cris Carter
81.2%
Cris Carter
81.2%
Cris Carter
81.2%
Antonio Gates
80.2%
% Correct
Muhsin Muhammad
78.5%
Joe Horn
75.6%
T.J. Houshmandzadeh
75.3%
Tim Brown
65.7%
Tim Brown
65.7%
Chris Chambers
63.5%
Michael Irvin
61.7%
Shannon Sharpe
57.8%
Antonio Freeman
57.6%
Antonio Freeman
57.6%
Michael Jackson
54.9%
Joey Galloway
54.6%
Joey Galloway
54.6%
Joey Galloway
54.6%
Javon Walker
50.7%
Eric Moulds
47.4%
Brandon Stokley
46.5%
Herman Moore
44.5%
Ed McCaffrey
31.8%
Robert Brooks
25.3%
Carl Pickens
22.4%
Carl Pickens
22.4%
Drew Bennett
21.7%
Terance Mathis
21.4%
Irving Fryar
14.9%
Curtis Conway
9.2%
Derrick Alexander
9.2%
Anthony Miller
8%
Patrick Jeffers
4.5%

You're not logged in!

Compare scores with friends on all Sporcle quizzes.
OR
Log In

Show Comments

Extras

Created Apr 2, 2010ReportNominate
Tags:1000, 1000 Yard, 1995, season, tds, yard

Top Quizzes Today


Score Distribution

Your Account Isn't Verified!

In order to create a playlist on Sporcle, you need to verify the email address you used during registration. Go to your Sporcle Settings to finish the process.

Report this User

Report this user for behavior that violates our Community Guidelines.

Details: